Notas para el estudio de la trayectoria del análisis social en Puerto Rico en base al desarrollo de las clases sociales y sus conflictos, 1880-1933

Gorde:
Xehetasun bibliografikoak
Egile nagusia: Quintero Rivera, Angel G.
Formatua: Texto
Argitaratua: San José :
Etiketak: Etiketa erantsi
Etiketarik gabe, Izan zaitez lehena erregistro honi etiketa jartzen!

MARC

LEADER 00000 a a2200000 04500
001 17717
003
040
090 |a 000700  
100 |a Quintero Rivera, Angel G.  
245 |a Notas para el estudio de la trayectoria del análisis social en Puerto Rico en base al desarrollo de las clases sociales y sus conflictos, 1880-1933  
260 |a San José :  
300 |a 19 p  
999 |c 11874  |d 11874